In the National interest? (Record no. 70633)

MARC details
000 -LEADER
fixed length control field 01128cam a2200205 4500
001 - CONTROL NUMBER
control field WB3824-20
008 - FIXED-LENGTH DATA ELEMENTS--GENERAL INFORMATION
fixed length control field 020701n2002 000 0 eng u
035 ## - SYSTEM CONTROL NUMBER
System control number (Sirsi) u118613
245 ## - TITLE STATEMENT
Title In the National interest?
260 ## - PUBLICATION, DISTRIBUTION, ETC.
Date of publication, distribution, etc. 2002
490 ## - SERIES STATEMENT
Series statement National Trust Press Release
Volume/sequential designation 25 June 2002, (2)
520 ## - SUMMARY, ETC.
Summary, etc. New research by the National Trust argues that government plans to let parliament decide on major infrastructure projects will fail. "In the national interest?: government proposals for planning major infrastructure projects" tests the proposed reforms against four case studies and concludes that government's plans will waste time and exclude people. "In the national interest?" available at http://www.nationaltrust.org.uk/main/news/national_interest.pdf. http://www.nationaltrust.org.uk/webpack/bin/webpack.exe/livebase?object=LiveBase1&itemurn=1217&mode=wbFullItem
590 ## - LOCAL NOTE (RLIN)
Local note WB
650 ## - SUBJECT ADDED ENTRY--TOPICAL TERM
Topical term or geographic name entry element NATIONAL TRUST
650 ## - SUBJECT ADDED ENTRY--TOPICAL TERM
Topical term or geographic name entry element INFRASTRUCTURE PROJECTS
650 ## - SUBJECT ADDED ENTRY--TOPICAL TERM
Topical term or geographic name entry element PLANNING SYSTEM
650 ## - SUBJECT ADDED ENTRY--TOPICAL TERM
Topical term or geographic name entry element PLANNING DECISIONS
690 ## - LOCAL SUBJECT ADDED ENTRY--TOPICAL TERM (OCLC, RLIN)
Topical term or geographic name as entry element ENVIRONMENTAL AND LAND CONSULTANCY-PLANNING AND DEVELOPMENT
942 ## - ADDED ENTRY ELEMENTS (KOHA)
Suppress in OPAC 0
Holdings
Withdrawn status Lost status Source of classification or shelving scheme Damaged status Not for loan Home library Current library Shelving location Date acquired Total Checkouts Full call number Barcode Date last seen Copy number Price effective from Koha item type
    Dewey Decimal Classification     London London News article 01/07/2002   WB3824-20 118613-1001 06/08/2019 1 06/08/2019 News article